000 00453nam a22001577a 4500
020 _a9789668504105
041 _afre
080 _a81
090 _bАВР
100 _aАвраменко Л. М.
245 _aНовий французько-український/україньско-французький словник 60 000 слів
260 _aХарків
_bДив
_c2009
300 _a575
650 _aLanguage Studies
999 _c284509
_d284509
942 _cBK